000 00607nam a2200205 a 4500
001 000007532
003 OSt
005 20201103073023.0
008 090909s1973 dr 001 0 spa d
040 _aDO-SdBNP
_bspa
_cBNPHU
049 _aBNPD
082 _axxxx
_bC146e
100 1 _aCaldera, Rafael
_920912
245 1 0 _aEspecificidad de la democracia cristiana /
_cRafael Caldera ; prólogo Pedro Pablo Aguilar.
260 _aSanto Domingo :
_b[s. n.],
_c1973.
300 _a145 p. ;
_c19 cm.
504 _aBibliografía p. 127-140
700 1 _aAguilar, Pedro Pablo,
_epról.
_920913
942 _2ddc
_cLBS1
999 _c7313
_d7313